000 00281nam a2200097Ia 4500
001 642512
005 20250826153528.0
008 250824s9999 xx 000 0 und d
245 0 _aSERGÜZEŞT ANTİK OKUL KLASİKLERİ
_cSAMİ PAŞAZADE SEZAİ
260 _bANTİK DÜNYA KLASİKLERİ
999 _c642512
_d642512